000 00480nam a2200181Ia 4500
003 GCL
008 140319s9999 xx 000 0 ara d
040 _aGCL /
_cGCL
082 0 4 _a962.03
_bك ا
100 1 _aمحمد بدران
245 1 0 _aابراهيم باشا /
_cمحمد بدران
300 _a292 ص
490 _aكتاب
_v0
650 0 4 _aالاتفاقيات الدولية
650 0 4 _aالسودان
650 0 4 _aابراهيم باشا
942 _2ddc
_cBK
999 _c43268
_d43268